Introductory plant biology

The book consists of 21 chapters covering all botanical subject The chapters deal with structure and function of botany, meiosis and genetics, plant propagation and biotechnology, evolution, botanical classification, stress in phylogenetic sequence, the diversity of organisms traditionally regarde...

Πλήρης περιγραφή

Αποθηκεύτηκε σε:
Λεπτομέρειες βιβλιογραφικής εγγραφής
Κύριος συγγραφέας: Stern, Kingsley R.
Μορφή: Βιβλίο
Γλώσσα:Undetermined
Έκδοση: Dubuque, Iowa W.C. Brown Co. 1982
Θέματα:
Ετικέτες: Προσθήκη ετικέτας
Δεν υπάρχουν, Καταχωρήστε ετικέτα πρώτοι!
Thư viện lưu trữ: Trung tâm Học liệu Trường Đại học Cần Thơ
LEADER 00844nam a2200193Ia 4500
001 CTU_192314
008 210402s9999 xx 000 0 und d
082 |a 580 
082 |b S839 
100 |a Stern, Kingsley R. 
245 0 |a Introductory plant biology 
245 0 |c Kingsley R. Stern 
260 |a Dubuque, Iowa 
260 |b W.C. Brown Co. 
260 |c 1982 
520 |a The book consists of 21 chapters covering all botanical subject The chapters deal with structure and function of botany, meiosis and genetics, plant propagation and biotechnology, evolution, botanical classification, stress in phylogenetic sequence, the diversity of organisms traditionally regarded as plants and ethonobotanical aspects 
650 |a Botany,Thực vật học 
910 |a Hải 
980 |a Trung tâm Học liệu Trường Đại học Cần Thơ